| 000 | 01039cab a2200277 4500 | ||
|---|---|---|---|
| 001 | ABS50239 | ||
| 008 | 090401t1994 xxu||||| |||| 00| 0 eng d | ||
| 035 | _a(Sirsi) u74768 | ||
| 041 | _aeng | ||
| 100 | _aKnowles, R. | ||
| 245 | _aProblems with assignment | ||
| 260 | _c1994 | ||
| 350 | _a0 | ||
| 490 |
_aCSM (Chartered Surveyor Monthly) _v3(6) March 1994, 25-26(2) |
||
| 520 | _aReviews "Linden Gardens Trust Ltd v Lenesta Sludge Disposals Ltd and others" HL 1993 and "St Martins Property Corporation Ltd and another v Sir Robert McAlpine & Sons Ltd" HL 1993 concerned with assignment of building contracts. | ||
| 650 | _aASSIGNMENT | ||
| 650 | _aBUILT ENVIRONMENT-BUILDING CONTRACT FORMS | ||
| 650 | _aCONTRACT CLAIMS | ||
| 650 | _aLINDEN GARDENS TRUST LTD V LENESTA SLUDGE DISPOSALS LTD | ||
| 650 | _aMENTOR | ||
| 650 | _aPROHIBITION | ||
| 650 | _aST MARTINS PROPERTY CORPORATION LTD V SIR ROBERT MCALPINE AND SONS LTD | ||
| 690 | _aBUILT ENVIRONMENT-BUILDING CONTRACT FORMS | ||
| 942 | _n0 | ||
| 948 | _c04/03/1997 | ||
| 999 |
_c47111 _d47111 |
||